History of Oregon - Statistics

General Stats
  • This quiz has been taken 134 times
  • The average score is 5 of 11
Answer Stats
Question Answer % Correct
What was legalized in Oregon in 2015 Recreational Marijuana
89%
Which traveled through the region during their expedition toexplore the Louisiana Purchase? Meriwether Lewis
86%
Which traveled through the region during their expedition toexplore the Louisiana Purchase? William Clark
85%
What passage were early European explorers trying to find? Northwest Passage
61%
In which year did Oregon become a state? 1859
51%
Oregon became the first U.S. state to legalize what in 1994? Physician-assisted suicide
36%
What was the first permanent Europe settlement in Oregon? Fort Astoria
34%
Which famous dam was built from 1933–1937 on the ColumbiaRiver? Bonneville Dam
16%
Who was the first European to navigate the entire Columbia River? David Thompson
3%
Which famous Spanish explorer sighted southern Oregon off the Pacific coast in 1543? Juan Rodríguez Cabrillo
1%
In which treaty was the region jointly occupied by the U.S.and Britain? Treaty of 1818
1%
No matching quizzes found
Score Distribution
Percent of People with Each Score
Percentile by Number Answered
Your Score History
You have not taken this quiz